№ 8; Национальные стандарты

Dades bibliogràfiques
Parent link:Национальные стандарты: Информационный указатель/ Федеральное агентство по техническому регулированию и метрологии. № 8.— , 2004-
Idioma:rus
Publicat: 2013
Format: Llibre
KOHA link:https://koha.lib.tpu.ru/cgi-bin/koha/opac-detail.pl?biblionumber=517939

MARC

LEADER 00000nam2a2200000 4500
001 517939
005 20250421113830.0
035 |a (RuTPU)RU\TPU\prd\196285 
090 |a 517939 
100 |a 20130925a19409999k y0rusy50 ca 
101 0 |a rus 
102 |a RU 
200 0 |a № 8 
210 |d 2013 
461 1 |0 (RuTPU)RU\TPU\prd\23792  |t Национальные стандарты  |o Информационный указатель  |f Федеральное агентство по техническому регулированию и метрологии  |v № 8  |d 2004- 
801 0 |a RU  |b 63413507  |c 20010227  |g PSBO 
801 1 |a RU  |b 63413507  |c 20130925 
801 2 |a RU  |b 63413507  |c 20191202  |g RCR 
850 |a 63413507 
942 |c CR